000
00228nam a22000857a 4500
008
160810b xxu||||| |||| 00| 0 eng d
100
_9
100
_a
Siddiqui S A
245
_a
Business Studies-XII
260
_a
New Delhi
_b
Laxmi Publication
_c
2008
999
_c
2753
_d
2753